Guess the Lyrics #1 - Statistics

General Stats
  • This quiz has been taken 109 times
  • The average score is 146 of 329
Answer Stats
Answer % Correct
I
99%
"I
99%
a
94%
you
91%
you"
91%
the
89%
love
82%
an
76%
to
75%
me
73%
it
72%
It
72%
we
72%
in
68%
And
66%
and
66%
that
66%
That
66%
my
65%
where
64%
for,
60%
for
60%
have
58%
So
57%
then
56%
Then
56%
you're
56%
You're
56%
of
55%
was
53%
by
51%
not
51%
this
50%
never
49%
she
49%
too
49%
am
48%
"If
48%
if
48%
If
48%
at
47%
At
47%
her
47%
it's
47%
I'm
45%
there
45%
Like
44%
like
44%
all
43%
But
39%
had
39%
said,
39%
know
38%
got
35%
"Oh,
35%
out
35%
I've
34%
our
33%
with
33%
been
32%
come
31%
think
30%
"Yes,
28%
feel
27%
long
27%
you've
27%
into
26%
we'll
26%
knew
25%
about
24%
much
23%
though
22%
looked
20%
rain
20%
tired
20%
took
20%
thought
19%
wasn't
19%
bad
18%
didn't
18%
getting
18%
old
18%
own
18%
song
18%
together
18%
we'd
18%
while
18%
lady,
17%
lady
17%
piña
17%
face
16%
making
16%
midnight
16%
through
16%
caught
15%
meet
15%
read
15%
coladas,
14%
liked
14%
mean
14%
brain
13%
champagne
13%
escape"
13%
escape
13%
food,
13%
half
13%
paper
13%
paper,
13%
same
13%
walked
13%
yoga,
13%
cape
11%
dunes
11%
health
11%
kind
11%
lovely
11%
tomorrow
11%
worn
11%
ad
10%
bed
10%
place
10%
plan
10%
red
10%
smile
10%
waited
10%
write
10%
Write
10%
wrote
10%
bar
9%
instant,
9%
noon,
9%
personal
9%
recording
9%
cut
8%
laughed
8%
letter
8%
moment,
8%
poet,
8%
routine
8%
sounds
8%
tape
8%
taste
8%
called
7%
columns,
7%
curve
7%
fallen
7%
favourite
7%
lay
7%
nobody's
7%
O'Malley's,
7%
sleeping,
7%
dull
6%
high
6%
ocean,
6%
hopes,
5%
No matching quizzes found
Score Distribution
Percent of People with Each Score
Percentile by Number Answered
Your Score History
You have not taken this quiz